000 00824cam a2200229 4500
001 ABS61482
008 000000n1999 000 0 eng u
035 _a(Sirsi) u102808
100 _aSoo, G.
245 _aGrowing importance of documents in construction disputes
260 _c1999
490 _aCivil Engineering
_v132(4) November 1999, 148-149(2)
520 _aEmphasises the importance of contemporaneous documents in construction disputes, and looks at the type of document management framework needed to support the resolution of such disputes.
590 _aABS
650 _aCONSTRUCTION DISPUTES
650 _aDOCUMENT MANAGEMENT
650 _aPROJECT DOCUMENTATION
650 _aISO 9000
650 _aDISPUTE RESOLUTION
_96236
690 _aBUILT ENVIRONMENT-BUILDING CONTRACT FORMS
942 _n0
999 _c61783
_d61783